[Event "Hokkaido Ch.2017"]
[Site "Sapporo"]
[Date "2017.03.26"]
[Round "5.4"]
[White "Watanabe, Katsumi"]
[Black "Hakamada, Eiji"]
[Result "1-0"]
[WhiteElo "1732"]
[BlackElo "1432"]
[Annotator "Fritz 15 (30s)"]
[PlyCount "115"]

{E54: Nimzo-Indian: Rubinstein: Main Line: 7...dxc4 8 Bxc4} 1. d4 Nf6 2. c4 e6
3. Nf3 Bb4+ 4. Nc3 O-O 5. e3 d5 6. Be2 dxc4 7. Bxc4 c5 8. O-O cxd4 $146 (8...
Nc6 9. Bd3 (9. Qc2 cxd4 10. Rd1 a6 11. exd4 b5 12. Bb3 Bb7 13. d5 exd5 14. Nxd5
Nxd5 15. Rxd5 Qf6 16. Ng5 g6 17. Ne4 Qg7 18. Be3 Ne5 19. Rd4 Rac8 20. Qe2 Be7
21. Rad1 Bc6 22. f4 Nc4 23. Bxc4 bxc4 {Kulakov,V (2184)-Krilov,S (2406)
Dagomys 2004 1-0}) (9. Qd3 a6 10. a4 (10. a3 Bxc3 11. Qxc3 cxd4 12. exd4 Bd7
13. Qd3 Na5 14. Re1 Nxc4 15. Qxc4 Bc6 16. Ne5 Bb5 17. Qb4 Nd5 18. Qb3 Qa5 19.
Be3 f6 20. Nf3 Qa4 21. Nd2 b6 22. Rac1 Qxb3 23. Nxb3 Rfc8 24. Rxc8+ Rxc8 {
Mista,L (2355)-Prandstetter,E (2355) Rimavska Sobota 1974 0-1 (53)}) 10... Bd7
11. Rd1 cxd4 12. exd4 Na5 13. Ba2 Bxc3 14. bxc3 Bxa4 15. Re1 Bb3 16. Bb1 Bc4
17. Qc2 Bb3 18. Qd3 Bc4 {1/2-1/2 (18) Geller,E-Tal,M Riga 1968}) 9... Qe7 (9...
Bd7 10. a3 cxd4 11. exd4 Be7 12. Re1 Rc8 13. Bb1 Re8 14. Qd3 g6 15. Ba2 a6 16.
Bh6 Qa5 17. d5 exd5 18. Nxd5 Bf5 19. Rxe7 Rxe7 20. Nxf6+ Kh8 21. Qd2 Be6 22.
Nd5 Qxd2 23. Bxd2 Bxd5 24. Bc3+ {Gligoric,S (2585)-Pomar Salamanca,A (2425)
Nice 1974 1-0}) 10. Ne4 cxd4 11. exd4 h6 12. a3 Bd6 13. Re1 Rd8 14. b4 Nxe4 15.
Bxe4 Qf6 16. Bb2 Ne7 17. Ne5 Nd5 18. Qh5 Bf8 19. Rac1 Qe7 20. Qf3 f6 21. Nc4
Qf7 22. Qg3 f5 23. Ne5 {Najdorf,M-Eliskases,E Buenos Aires 1964 1-0 (41)}) 9.
Nxd4 Bd7 10. Qc2 Qc7 11. Ncb5 Bxb5 (11... Qb6 12. a3 Be7 13. Nc3 $11) 12. Nxb5
Qe5 13. Be2 Nc6 14. Bd2 a6 15. Bc3 Bxc3 16. Nxc3 Rac8 17. Rfd1 Rfd8 18. Qb3 {
White threatens to win material: Qb3xb7} Qc7 19. Bf3 h6 20. Rdc1 Qb8 21. h3 {
Covers g4} Qa7 22. a4 Na5 23. Qb4 b6 (23... Nc6 24. Qa3 $11) 24. Qa3 (24. Ne2
$5 $14) 24... Nc4 $11 {Black threatens to win material: Nc4xa3} 25. Qa2 Rd2 $4
{not a good decision, because now the opponent is right back in the game} (
25... Qe7 26. Be2 Qb4 27. Rc2 $11) 26. Rab1 {Loses material} (26. Nb1 $142 {
and the result of the game is clear: White will win} Rd6 27. Rxc4 $18) 26...
Ne5 $15 27. Bd1 (27. Qb3 $142 $5 $15 {is worth consideration}) 27... Nd3 $17
28. Rc2 Rxc2 (28... Nb4 $142 $5 29. Rxd2 Nxa2 30. Nxa2 b5 $17) 29. Bxc2 $11 Nb4
30. Qb3 Nxc2 31. Qxc2 Nd5 32. Qb3 (32. Qd3 Rc5 $11) 32... Nxc3 $15 33. bxc3 Qc7
(33... Rc6 34. Qc2 $15) 34. Rc1 (34. Qxb6 $5 Qc4 35. Rb4 Qxc3 36. Qxa6 $16)
34... Qc4 {Black threatens to win material: Qc4xb3} (34... Qd6 35. Qb2 $15) 35.
Qxb6 $11 Qxa4 {White has a new passed pawn: c3. Black has a new passed pawn:
a6.} 36. Qb2 Qc4 37. Ra1 Rc6 38. Qb4 Qb5 39. Qxb5 axb5 {A rook endgame occured.
} 40. Ra3 f5 41. Rb3 {White threatens to win material: Rb3xb5} Rc5 42. Kf1 Kf7
43. Ke2 e5 44. Kd3 Ke6 45. f3 g5 {[%cal Yf5f4] Black prepares the advance f4}
46. e4 f4 {This push gains space} 47. Ra3 Rc6 48. Ra7 Rd6+ (48... Kd6 $5 $11)
49. Kc2 $16 Rb6 $2 (49... h5 $142 $16) 50. Rh7 $18 Rb8 (50... Kd6 51. Rxh6+ Kc5
52. Rh8 $18) 51. Rxh6+ Kf7 52. Rd6 Rb7 (52... Ke7 53. Rg6 $18) 53. Kb3 Rb8 54.
Kb4 Rb7 55. Rd5 Ke6 56. Rxb5 Rc7 (56... Rd7 57. Rb6+ Kf7 $18) 57. Rb6+ Kf7 58.
c4 (58. c4 Rd7 59. c5 $18) 1-0

[Event "Hokkaido Ch.2017"]
[Site "Sapporo"]
[Date "2017.03.26"]
[Round "5.5"]
[White "Sato, Takeru"]
[Black "Ito, Katsuhide"]
[Result "1-0"]
[WhiteElo "1230"]
[BlackElo "1328"]
[Annotator "Fritz 15 (30s)"]
[PlyCount "57"]

{D00: 1 d4 d5: Unusual lines} 1. d4 d5 2. Bf4 Nf6 3. e3 e6 4. Bd3 Bd6 (4... c5
5. c3 Nc6 6. Nd2 Bd6 7. Bxd6 Qxd6 8. f4 Bd7 9. a3 Ne7 10. Ngf3 Qb6 11. Rb1 Bb5
12. Qe2 Bxd3 13. Qxd3 Nf5 14. Ne5 Nd6 15. O-O c4 16. Qc2 O-O 17. g4 Qc7 18. g5
Nfe4 19. Nxe4 {Zelbel,P (2385)-Svane,R (2427) Stroebeck 2013 1/2-1/2}) 5. Bxd6
(5. Bg3 Bxg3 6. hxg3 Qd6 7. c3 c5 8. Nd2 Nc6 9. f4 h5 10. Ngf3 Ng4 11. Qe2 f5
12. Ng5 Bd7 13. Bb5 Nd8 14. Ndf3 g6 15. Ne5 Nxe5 16. dxe5 Qb6 17. Bxd7+ Kxd7
18. O-O-O Ke7 19. g4 fxg4 {Carvajal,N (2334)-Diaz,J (2175) Medellin 2015 0-1 
(52)}) 5... Qxd6 $146 (5... cxd6 6. Nf3 O-O 7. O-O Nc6 8. Bb5 Qe7 9. Nc3 a6 10.
Be2 b5 11. a3 Bb7 12. h3 Na5 13. Nh2 Nc4 14. b3 Nb6 15. Ng4 Nfd7 16. f4 Rac8
17. Nb1 f5 18. Nh2 Nf6 19. Nd2 Rc3 20. Rf3 {Berlinka,M (2215)-Belfiore,D (2220)
Buenos Aires 1993 0-1 (41)}) 6. c3 O-O 7. Nf3 Nc6 8. O-O a6 {Consolidates b5}
9. Qe2 Re8 10. Nbd2 Bd7 11. h3 {Prevents intrusion on g4} e5 12. Nh2 (12. dxe5
Nxe5 13. Nxe5 Qxe5 $11) 12... e4 {Black threatens to win material: e4xd3} (
12... exd4 $5 13. cxd4 Nxd4 $17) 13. Bc2 $15 Ne7 14. Kh1 {Black has an active
position} Ng6 {Black has a very active position} 15. Rg1 {Black has an active
position} Bb5 16. c4 dxc4 17. Nxc4 Qb4 {Black threatens to win material: Qb4xc4
} 18. b3 {Black has an active position} Rad8 19. a4 {White threatens to win
material: a4xb5} Bc6 20. Rgf1 b5 21. axb5 {White forks: a6+c6} Bxb5 22. g4 (22.
Qe1 $142 Qe7 23. Qa5 $15) 22... Ne5 $4 {hands over the advantage to the
opponent} (22... c5 $142 23. dxc5 Ne5 $17) 23. dxe5 $18 Bxc4 $2 (23... Rxe5 24.
Qe1 Qxe1 25. Rfxe1 Rc5 $18) 24. Qxc4 Nd5 (24... Qxc4 {does not help much} 25.
bxc4 Rxe5 26. Rxa6 $18) 25. Bxe4 Rxe5 (25... Qxc4 {is still a small chance} 26.
bxc4 Nb6 $18) 26. Bxd5 Qd2 (26... Qxc4 {otherwise it's curtains at once} 27.
bxc4 g6 $18) 27. Bxf7+ Kh8 28. Nf3 Re7 29. Nxd2 (29. Nxd2 Rb8 30. Nf3 Rf8 31.
Rxa6 h6 32. g5 Rexf7 33. gxh6 c6 34. Qxc6 Rf6 35. hxg7+ Kxg7 36. Rg1+ Kh8 37.
Qxf6+ Rxf6 38. Rxf6 Kh7 39. Rfg6 Kh8 40. Rh6#) 1-0

[Event "Hokkaido Ch.2017"]
[Site "Sapporo"]
[Date "2017.03.26"]
[Round "5.6"]
[White "Kimura, Kaisei"]
[Black "Manabe, Hiroaki"]
[Result "0-1"]
[WhiteElo "1009"]
[BlackElo "1755"]
[Annotator "Fritz 15 (30s)"]
[PlyCount "60"]

{B02: Alekhine's Defence: Chase Variation and lines with early Nc3} 1. e4 Nf6
2. Nc3 d5 3. exd5 Nxd5 4. Nxd5 Qxd5 5. Nf3 Nc6 6. Be2 (6. d4 e5 7. Be3 exd4 8.
Nxd4 a6 9. Nxc6 Qxc6 10. Qd4 Be7 11. O-O-O Bf6 12. Qb4 Be6 13. Bd3 a5 14. Qe4
Qxe4 15. Bxe4 O-O 16. Bd5 Rfe8 17. Bxe6 Rxe6 18. Rd7 Be5 19. Rhd1 Bd6 20. Bb6
Bf4+ {Musalov,R (2399)-Balashov,Y (2426) Taganrog 2011 1/2-1/2}) 6... e5 7. d3
{White has a cramped position} Bg4 $146 (7... Bf5 8. O-O O-O-O 9. a3 f6 10. b4
Kb8 11. Bb2 Nd4 12. Nxd4 exd4 13. Bf3 Qd7 14. g3 g5 15. Re1 Bg6 16. Bg2 g4 17.
Qd2 h5 18. Qf4 f5 19. Qe5 Bh6 20. Qe6 Qg7 21. Re5 Rd6 22. Qe7 {Vasic,P (2176)
-Raspor,G (2160) Portoroz 2003 1/2-1/2 (33)}) (7... Bc5 8. O-O O-O 9. c3 a5 10.
Qc2 Bg4 11. Be3 Rad8 12. d4 exd4 13. cxd4 Bb6 14. Bc4 Qh5 15. Ng5 Nxd4 16. Qe4
Bf5 17. Qxb7 Bg6 18. Rac1 h6 19. Nh3 Rb8 20. Qa6 Ra8 21. Qb7 Ra7 22. Qd5 {
Ivkovic,D (2257)-Roganovic,M (2244) Pancevo 2005 0-1 (37)}) 8. O-O {White
castles and improves king safety} O-O-O 9. c4 {White threatens to win material:
c4xd5} Qd7 10. b3 (10. Be3 Be7 $11) 10... h5 11. a3 {Consolidates b4} Qf5 12.
Nh4 (12. Be3 Bxf3 13. Bxf3 Rxd3 $15) 12... Bxe2 (12... Qh7 13. Nf3 $17) 13.
Nxf5 Bxd1 14. Rxd1 e4 (14... g6 15. Ne3 Nd4 $17) 15. d4 $2 (15. Bb2 $142 $5 {
has some apparent merit} exd3 16. Nxg7 $11) 15... g6 $17 16. Bg5 (16. Ne3 $142
$5 Bg7 17. Nd5 Nxd4 18. Bg5 $17) 16... gxf5 $19 17. Bxd8 Kxd8 18. d5 (18. Ra2
h4 $19) 18... Ne5 19. Re1 (19. Ra2 h4 $19) 19... Rg8 (19... h4 $142 $19 {
makes it even easier for Black}) 20. h3 (20. Re3 $19) 20... Nf3+ 21. Kf1 Nxe1
22. Rxe1 Bxa3 23. Ra1 Bc5 24. b4 Bd4 25. Rd1 (25. Ra5 {does not solve anything}
Ke7 $19) 25... Bc3 26. b5 f4 (26... Ke7 {and Black can already relax} 27. c5
$19) 27. d6 (27. h4 {is no salvation} Bb4 $19) 27... Rg6 28. c5 (28. Rc1 {
a fruitless try to alter the course of the game} Bb4 $19) 28... cxd6 29. cxd6 (
29. h4 {doesn't improve anything} Kd7 $19) 29... Kd7 30. Rc1 Ba5 0-1

[Event "Hokkaido Ch.2017"]
[Site "Sapporo"]
[Date "2017.03.26"]
[Round "5.7"]
[White "Koyahata, Taku"]
[Black "Sato, Yasuji"]
[Result "1-0"]
[WhiteElo "1349"]
[BlackElo "1555"]
[Annotator "Fritz 15 (30s)"]
[PlyCount "49"]

{C01: French: Exchange Variation} 1. d4 d5 2. c4 e5 3. e3 Bb4+ 4. Nc3 exd4 5.
exd4 Nf6 6. a3 Bxc3+ 7. bxc3 O-O 8. Bd3 Re8+ $146 (8... b6 9. Bg5 (9. Ne2 Ba6
10. cxd5 Qxd5 11. O-O Bxd3 12. Qxd3 Nc6 13. Bf4 Rac8 14. Rfe1 Rfe8 15. Ng3
Rxe1+ 16. Rxe1 Re8 17. Re3 Qd7 18. h3 Rxe3 19. Bxe3 h6 20. c4 Na5 21. Bd2 Qa4
22. Bxa5 Qxa5 23. Kf1 Qa4 {Miezis,N (2558)-Cobb,C (2398) Ohrid 2009 1-0 (38)})
9... Ba6 10. Bxf6 Qxf6 11. Qh5 g6 12. Qxd5 Nc6 13. Qf3 Rae8+ 14. Kf1 Qd6 15.
Ne2 Na5 16. Kg1 Bxc4 17. Bxc4 Nxc4 18. h4 Re7 19. Qd3 b5 20. a4 Rfe8 21. Ng3 c6
22. axb5 cxb5 23. h5 {Schulz,K (2440)-Hertneck,G (2450) Altensteig 1987 0-1 
(40)}) (8... dxc4 9. Bxc4 Be6 (9... Qe8+ 10. Ne2 Be6 11. d5 Bf5 12. O-O Nbd7
13. Ng3 Bg6 14. f4 h6 15. f5 Bh7 16. Re1 Qd8 17. Ba2 Nb6 18. c4 Qd7 19. Qf3
Rfe8 20. Bb2 Rxe1+ 21. Rxe1 Re8 22. Rf1 Qd6 23. Qf2 Nbd7 24. Qd4 {Jahn,C (2235)
-Grabuzova,T (2320) Dresden 1994 1-0 (37)}) 10. Bd3 c5 11. Ne2 Nc6 12. O-O cxd4
13. cxd4 Nd5 14. Rb1 Qd7 15. Be3 Rac8 16. Qd2 Rfd8 17. Rfc1 Nce7 18. Ng3 Rxc1+
19. Rxc1 Rc8 20. Ne4 Rxc1+ 21. Qxc1 b6 22. Ng5 Bf5 23. Be2 {Bartel,M (2641)
-Antoniewski,R (2529) Poland 2015 1/2-1/2 (33)}) 9. Ne2 Ng4 (9... dxc4 $5 {
should be investigated more closely} 10. Bxc4 Nc6 $11) 10. O-O $14 {White
castles and improves king safety} Qh4 (10... dxc4 11. Bxc4 Nc6 12. Qc2 $14) 11.
h3 Nf6 12. Nf4 g5 $4 {strolling merrily down the path to disaster} (12... dxc4
$142 13. Bxc4 Ne4 $16) 13. Nxd5 $18 Nxd5 14. cxd5 g4 (14... Nd7 15. Re1 Nf6 16.
Rxe8+ Nxe8 17. Qe2 $18) 15. Re1 Rf8 (15... Bd7 {doesn't do any good} 16. hxg4
Na6 17. Rb1 Rxe1+ 18. Qxe1 $18) 16. Re3 (16. Re5 $142 {might be the shorter
path} f5 17. hxg4 $18) 16... gxh3 (16... a5 $18 {there is nothing else anyway})
17. Rg3+ Kh8 18. Bg5 Qxg3 (18... h2+ {is not the saving move} 19. Kh1 Bg4 20.
Qxg4 f5 21. Qxh4 Nd7 22. Bh6 Rf7 23. Qg5 Ne5 24. dxe5 Re8 25. Bg7+ Kg8 26. Bf6+
Rg7 27. Qxg7#) 19. fxg3 (19. Bf6+ Qg7 20. Qh5 h2+ 21. Kxh2 Kg8 22. Bxg7 f5 23.
Qg5 Nc6 24. Bh6+ Kf7 25. Qg7+ Ke8 26. Qxf8+ Kd7 27. Bxf5#) 19... f6 (19... f5 {
doesn't get the bull off the ice} 20. Qh5 h2+ 21. Kxh2 Nc6 22. Re1 Be6 23. Rxe6
Kg8 24. dxc6 Rf7 25. Re7 Rxe7 26. Bc4+ Kh8 27. Bf6+ Rg7 28. Qf7 bxc6 29. Bxg7#)
20. Qh5 f5 21. Re1 Bd7 (21... h2+ {does not improve anything} 22. Kh1 Nc6 23.
Re8 Kg8 24. Bh6 Bd7 25. Qg5+ Kf7 26. Qg7+ Kxe8 27. Qxf8#) 22. Re7 h2+ 23. Kxh2
Rf7 (23... h6 {is not much help} 24. Qxh6+ Kg8 25. Qg7#) 24. Qxf7 f4 (24... Nc6
{hardly improves anything} 25. Qxh7#) 25. Qxh7# 1-0